000 01786pam a2200373 i 4500
001 768714001
003 CO-MdFUSB
005 20210520154704.0
007 ta
008 891120t19901990cou b 001 0 eng
010 _a89049232
020 _a093944318X
040 _aDLC
_cCO-MdFUSB
_dCAP
_dCO-MdFUSB
_dUtOrBLW
_bspa
_erda
041 _aeng
082 _223
_a220.07
_bB665
090 _aBT180.W67
100 1 _aBockmühl, Klaus.
_eautor
245 1 0 _aListening to the God who speaks :
_breflections on God's guidance from scripture and the lives of God's people
_c/ Klaus Bockmühl.
264 1 _aColorado Springs :
_bHelmers & Howard,
_c[1990]
264 4 _c©1990.
300 _axi, 164 páginas ;
_c21 cm.
336 _atexto
_btxt
_2rdacontent.
337 _asin mediación
_bn
_2rdamedia.
338 _avolumen
_bnc
_2rdacarrier.
504 _aIncluye referencias bibliográficas (páginas 157-158) e índices.
505 _aIntroducción: cuando la gente escucha, Dios habla - I. Dios habla en la historia humana - La ley y los profetas - II. La promesa de guía - El libro de los Salmos - III. El gran oyente - Jesús en el Evangelio de Juan - IV. La búsqueda de la causa de Dios - El Espíritu Santo en los Hechos de los Apóstoles - V. Pautas para la instrucción divina - Las cartas apostólicas - VI. Testimonios vivos - Luminarias en la historia de la iglesia - VII. La lucha por el equilibrio - La "gran advertencia" de los reformadores protestantes - VIII. Escuchando al Dios que habla - Reflexiones para un corazón que escucha.
563 _aRústico
630 0 7 _aBiblia
_xCrítica, interpretación, etc.
650 0 _91781
_aEstudios bíblicos
942 _cBK
945 _aJTF-925
999 _c66261
_d66261